| 000 | 00488nam a2200169Ia 4500 | ||
|---|---|---|---|
| 999 |
_c7967 _d7967 |
||
| 003 | OSt | ||
| 005 | 20200118135527.0 | ||
| 008 | 190216s9999||||xx |||||||||||||| ||und|| | ||
| 020 | _a9788120339262 | ||
| 040 | _coclc | ||
| 082 |
_a658.5 _bMAH/O |
||
| 100 |
_aMahapatra, P B _91281 |
||
| 245 | 0 |
_aOperations Management / _cP B Mahapatra |
|
| 260 |
_bPHI Learning Private Limited, _c2010. _aNew Delhi: |
||
| 300 | _a628p | ||
| 942 |
_cBK _2ddc _h658.5 _iMAH/O _k658.5 _mMAH/O |
||